Текст томруулах:    
Principles of marketing (Бичлэгийн дугаар. 145669)
000 -УДИРДЛАГА
Удирдлага 00943nam a22003137a 4500
003 - ХЯНАЛТЫН ТОО ТОДОРХОЙЛОГЧ
Код MN-UlNUM
005 - БИЧИЛТ ХИЙСЭН ОГНОО
Тухайн бичилтийг бичсэн засварласан сүүлийн огноо 20251118093307.0
008 - ЕРӨНХИЙ МЭДЭЭЛЭЛ
Ерөнхий мэдээлэл 251118s1992 ohuab||| |||| 001 0 eng |
020 ## - ISBN
ISBN 0538813687
040 ## - БИЧЛЭГ ҮҮСГЭГЧ БАЙГУУЛЛАГА
Бичлэг үүсгэгч номын сангийн код МУИС-ийн номын сан
084 ## - ББК АНГИЛАЛ
Нэмэлт тусгалт Бусад
ББК ангилал 65.290-2
Зохиогчийн гурван тэмдэгт L 20
Мэдлэгийн ялгаа 65 - Эдийн засаг
100 1# - ЗОХИОГЧ
Зохиогчийн нэр Lamb, Charles W.
245 10 - ҮНДСЭН ГАРЧИГ
Номын нэр Principles of marketing
Оролцогчдын тухай мэдээ Charles W. Lamb, Jr., Joseph F. Hair, Jr., Carl McDaniel.
260 ## - ГАРАЛТЫН МЭДЭЭ
Хэвлэгдсэн газар Cincinnati, Ohio :
Хэвлэлийн газар College Division, South-Western Pub. Co.,
Хэвлэгдсэн он 1992.
300 ## - МАТЕРИАЛЫН ТОДОРХОЙЛОЛТ
хуудасны тоо 1 v. (various pagings) :
Бусад тоон мэдээлэл ill. (some col.) ;
Хэмжээ 27 cm.
500 ## - Тайлбар
Дансны дугаар БС 2214
546 ## - ХЭЛНИЙ ТУХАЙ МЭДЭЭ
Хэл Англи хэл дээр,
653 ## - Түлхүүр үг
Түлхүүр үг marketing.
653 ## - Түлхүүр үг
Түлхүүр үг management
700 1# - ХАМ ЗОХИОГЧИД
Ба бус Hair, Joseph F.
700 1# - ХАМ ЗОХИОГЧИД
Ба бус McDaniel, Carl D.
740 ## - НОМЫН ГАРЧИГ
Гарчиг Analyzing Marketing Opportunities
740 ## - НОМЫН ГАРЧИГ
Гарчиг Product Decisions
740 ## - НОМЫН ГАРЧИГ
Гарчиг Promotion Decisions
740 ## - НОМЫН ГАРЧИГ
Гарчиг Princing Decisions
740 ## - НОМЫН ГАРЧИГ
Гарчиг Marketing Management
942 ## - ЭЛЕМЕНТИЙН ТӨРӨЛ
Зүйлийн төрөл Ном